Регионална библиотека "Любен Каравелов" - Русе

Книга на костите (Запис номер 414524)

MARC детайли
000 -Лидер
Контролно поле с фиксирана дължина 01020nam a2200253 a 4500
003 - Код на организацията, давaща контролен номер
Контролно поле BLK
005 - Дата и час на последна редакция
Контролно поле 20250531115503.0
008 - Елементи от данни с фиксирана дължина
fixed length control field 190528b bu ||||| |||| 00| 0 bu d
020 ## - Международен стандартен номер на книга ISBN
Международен стандартен номер на книга ISBN 9786192430672
040 ## - Източник на каталожния запис
Идентификатор на билиотеката - собственик на записа BLK
041 ## - Код за език
Код за езика на текст/звукозапис или на отделно заглавие Български
Код за езика КДБФ Български
080 ## - УДК
Текстов определител УДК Ирландска литература (на Ейре) на английски език (вж и 821.152.1)
УДК код - определител по УДК 821.111(417)
УДК определител -31
УДК - код + определител 821.111(417)-31
100 ## - Редна дума - Автор
R(LIN) 271656
Автор Конъли, Джон
Авторска отговорност първи автор
139 ## - Редно поле
Редна дума Конъли, Джон
Авторски знак Конф - К 84
245 ## - Сведения за заглавието
Заглавие Книга на костите
Редно поле (дума) Джон Конъли; прев. Ирина Манушева
260 ## - Област на издателските данни
9 (RLIN) 209461
Място на издаване, разпространение и проч. София
Име на издателя, разпространителя и проч. Прозорец
Година на издаване 2020
300 ## - Физическа характеристика
Страници 624 с.
Размери/Мащаб 20 см
380 ## - Жанр
Жанр Худож. лит.
500 ## - Общи забележки
Забележка Ориг. загл.: A book of bones / John Connolly.
700 ## - Други автори (авторска отговорност)
Лично име Манушева, Ирина Борисова
9 (RLIN) 1021
Автороска отговорност (Описва отношението между автора и произведението) прев. от англ.
852 ## - Местоположение
Форматна сигнатура Цб 305174
942 ## - АРТИКУЛИ
Вид на библиотечния материал Книги
Скрит в OPAC Не
Периодичен библиозапис Да
Koha issues (borrowed), all copies 16
944 ## - СЪЗДАВАНЕ И РЕДАКЦИЯ на ЗАПИСА
Създаване/Редакция Създаване
Служител, извършил регистрацията/редакцията 30545
Дата на регистрацията/редакция 2021-05-17
Статус, дата на статуса Нора Радева
999 ## - СИСТЕМНИ КОНТРОЛНИ НОМЕРА
Koha biblionumber 414524
Koha biblioitemnumber 414524
Наличности
Код за отписване Код за изгубен артикул Източник на класификационната схема Код за повреда Коз за рестрикции Код за отдаване Артикулен № Име на библиотеката - собственик Име на библиотеката, в която се намира в момента Статус (Текущо местоположение) Дата на вписване в системата Местоположение - отдел Цена в лева Систематично азбучна сигнатура Баркод Цена в евро Служебен тип на артикула Инвентарен номер
  Не е изгубен Universal Decimal Classification Не е повреден само за читалня ползва се в читалня 830639 Регионална библиотека "Любен Каравелов" Русе Регионална библиотека "Любен Каравелов" Русе Хранилище 2021-05-18 Хранилище 22.00 Цб 305174 120000854352 11.25 Книги  
  Не е изгубен Universal Decimal Classification Не е повреден   заемане за дома 929038 Регионална библиотека "Любен Каравелов" Русе Регионална библиотека "Любен Каравелов" Русе Заемна - подръчен фонд 2023-06-07 Заемна - подръчен фонд 15.40 821-31/К 84 Д 120000888236 7.87 Книги 120000888236
  Не е изгубен Universal Decimal Classification Не е повреден   заемане за дома 929039 Регионална библиотека "Любен Каравелов" Русе Регионална библиотека "Любен Каравелов" Русе Количка 2023-06-07 Заемна - подръчен фонд 15.40 821-31/К 84 Д 120000888237 7.87 Книги 120000888237
Vip Innovations Ltd, Rousse, Bulgaria 2025